| 000 | 00431nam a2200169Ia 4500 | ||
|---|---|---|---|
| 008 | 230524s9999 xx 000 0 und d | ||
| 020 | _a9788131760097 | ||
| 082 |
_a620.45 _bSIN |
||
| 100 | _aSadhu Singh | ||
| 245 | 0 | _a"Theory of Machines, (Kinematics and Dynamics)" | |
| 250 | _a3 | ||
| 260 |
_aNew Delhi _bPearson _c2012 |
||
| 300 | _a"xviii,1365p;" | ||
| 500 | _aQuantity Number: 40 | ||
| 650 | _aMechanics | ||
| 942 | _cBK | ||
| 999 |
_c52079 _d52079 |
||